National Assembly Library of Thailand

คำบรรยายกฎหมายปกครอง (ระเบียนเลขที่ 16792)

รายละเอียดในรูปแบบ MARC
000 -LEADER
fixed length control field 01704nam a22003737a 4500
005 - DATE AND TIME OF LATEST TRANSACTION
control field 20251125232848.0
008 - FIXED-LENGTH DATA ELEMENTS--GENERAL INFORMATION
fixed length control field s2523 th tha d
040 ## - CATALOGING SOURCE
Original cataloging agency NALT
041 ## - LANGUAGE CODE
Language code of text/sound track or separate title tha
090 ## - LOCALLY ASSIGNED LC-TYPE CALL NUMBER (OCLC); LOCAL CALL NUMBER (RLIN)
Classification number (OCLC) (R) ; Classification number, CALL (RLIN) (NR) KE71 ป365ค 2523
100 0# - MAIN ENTRY--PERSONAL NAME
Personal name ประยูร กาญจนดุล
245 10 - TITLE STATEMENT
Title คำบรรยายกฎหมายปกครอง
260 3# - PUBLICATION, DISTRIBUTION, ETC.
Place of publication, distribution, etc. กรุงเทพฯ :
Name of publisher, distributor, etc. โรงพิมพ์จุฬาลงกรณ์มหาวิทยาลัย,
Date of publication, distribution, etc. 2523
300 ## - PHYSICAL DESCRIPTION
Extent 280 หน้า :
Other physical details 26 ซม.
650 04 - SUBJECT ADDED ENTRY--TOPICAL TERM
Topical term or geographic name entry element กฎหมายปกครอง
650 04 - SUBJECT ADDED ENTRY--TOPICAL TERM
Topical term or geographic name entry element การกระจายอำนาจปกครอง
650 04 - SUBJECT ADDED ENTRY--TOPICAL TERM
Topical term or geographic name entry element การบริหารราชการ -- ส่วนกลาง
650 04 - SUBJECT ADDED ENTRY--TOPICAL TERM
Topical term or geographic name entry element กฎหมายปกครอง -- ไทย
650 04 - SUBJECT ADDED ENTRY--TOPICAL TERM
Topical term or geographic name entry element กรุงเทพมหานคร
650 04 - SUBJECT ADDED ENTRY--TOPICAL TERM
Topical term or geographic name entry element สุขาภิบาล
650 04 - SUBJECT ADDED ENTRY--TOPICAL TERM
Topical term or geographic name entry element การบริหารราชการ -- ส่วนภูมิภาค
650 04 - SUBJECT ADDED ENTRY--TOPICAL TERM
Topical term or geographic name entry element การบริหารรัฐกิจ -- วิจัย
650 04 - SUBJECT ADDED ENTRY--TOPICAL TERM
Topical term or geographic name entry element การปกครองท้องถิ่น
650 04 - SUBJECT ADDED ENTRY--TOPICAL TERM
Topical term or geographic name entry element การรวมอำนาจ
650 04 - SUBJECT ADDED ENTRY--TOPICAL TERM
Topical term or geographic name entry element บริการสาธารณะ
650 04 - SUBJECT ADDED ENTRY--TOPICAL TERM
Topical term or geographic name entry element เมืองพัทยา
650 04 - SUBJECT ADDED ENTRY--TOPICAL TERM
Topical term or geographic name entry element องค์การบริหารส่วนจังหวัด
650 04 - SUBJECT ADDED ENTRY--TOPICAL TERM
Topical term or geographic name entry element เทศบาล
650 04 - SUBJECT ADDED ENTRY--TOPICAL TERM
Topical term or geographic name entry element การแบ่งแยกอำนาจ
850 ## - HOLDING INSTITUTION
Holding institution NALT
856 40 - ELECTRONIC LOCATION AND ACCESS
Uniform Resource Identifier <a href="https://hdl.handle.net/20.500.14156/302179">https://hdl.handle.net/20.500.14156/302179</a>
-- 1
942 ## - ADDED ENTRY ELEMENTS (KOHA)
Koha item type Law Book
Source of classification or shelving scheme Library of Congress Classification
998 ## - LOCAL CONTROL INFORMATION (RLIN)
-- 25
-- นีลวัสน์ อินทรักษา
รายการที่มีในห้องสมุด
Withdrawn status Lost status Damaged status Not for loan Collection code Home library Current library Total Checkouts Full call number Barcode Date last seen Price effective from Koha item type
        Law Book collection National Assembly Library of Thailand National Assembly Library of Thailand   KE 71 ป365ค 2523 3961134594 09/06/2017 09/06/2017 Law Book
หอสมุดรัฐสภา
สำนักงานเลขาธิการสภาผู้แทนราษฎร เลขที่ 1111 ถนนสามเสน แขวงถนนนครไชยศรี เขตดุสิต กรุงเทพฯ 10300
The Secretariat of the House of Representatives 1111 Samsen Road, Thanon Nakhon Chai Si, Dusit, Bangkok 10300, THAILAND
โทรศัพท์: +66(0) 2242 5900 ต่อ 5714-5 โทรสาร: +66(0) 2242 5990 อีเมล: [email protected]